000 00517nam a22001817a 4500
001 2916
003 BD-DhBUF
005 20251209113128.0
008 251209b bg ||||| |||| 00| 0 ben d
020 _a9789352770182
040 _aBD-DhBUF
_cBD-DhBUF
100 _aHill, Napoleon
_91852
245 _aRoad to success :
_bputting the principles of think and grow rich in to action /
_cNapoleon Hill,
260 _aNew York :
_bHarperCollins,
_cC 2017.
300 _a239p. :
_c22cm. ;
526 _aCSE
942 _2ddc
_cBK
999 _c2916
_d2916